TIMBER consumption pattern in Peninsular Malaysia, 1983-1987
| Corporate Author: | |
|---|---|
| Format: | Book |
| Published: |
Kuala Lumpur :
Malaysian Timber Industry Board ,
(1983)
|
| Subjects: |
MARC
| LEADER | 00000cam a2200000 7i4500 | ||
|---|---|---|---|
| 001 | 0000002592 | ||
| 005 | 20030826.0 | ||
| 090 | 0 | 0 | |a 338.47674 |b TIM (1983) |
| 245 | 0 | 0 | |a TIMBER consumption pattern in Peninsular Malaysia, 1983-1987 |
| 260 | 0 | 0 | |a Kuala Lumpur : |b Malaysian Timber Industry Board , |c (1983) |
| 300 | |a 260 p. : |b ill. ; |c 30 cm. | ||
| 650 | 0 | 0 | |a Lumbering |z Malaysia |
| 710 | 1 | 1 | |a Malaysian Timber Industry Board (MTIB) |
| 998 | |a JPSM | ||
| 999 | |a 0000003274 |b Monograph |c Open Shelf |e Default branch | ||